| 000 | 00423nam a22001817a 4500 | ||
|---|---|---|---|
| 003 | MPLRDC | ||
| 005 | 20220104143932.0 | ||
| 008 | 210129b ||||| |||| 00| 0 eng d | ||
| 082 | _a857.623 ZY-4 v.8 c.2 | ||
| 100 | _a张宇 | ||
| 245 |
_a色鬼 _c |
||
| 250 | _a初版 | ||
| 260 |
_a _b勤 + 缘 _c |
||
| 300 | _b平 | ||
| 490 | _a张宇玄幻系列. 12 | ||
| 650 | _a灵异小说 | ||
| 942 |
_cBK _o857.623 ZY-4 v.8 c.2 |
||
| 999 |
_c44796 _d44786 |
||